书目信息 |
| 题名: |
2007考研政治形势与政策
|
|
| 作者: | 齐鹏飞 编著 | |
| 分册: | ||
| 出版信息: | 北京 原子能出版社 2005 |
|
| 页数: | 184页 | |
| 开本: | 20cm | |
| 丛书名: | ||
| 单 册: | ||
| 中图分类: | D643 | |
| 科图分类: | ||
| 主题词: | 时事政治教育--研究生--入学考试 | |
| 电子资源: | ||
| ISBN: | 7-5022-3747-X | |
| 000 | 00689nam0 2200205 450 | |
| 001 | 0754594361 | |
| 005 | 20070717172410.17 | |
| 010 | @a7-5022-3747-X@dCNY12.00 | |
| 100 | @a20070713d2005 km y0chiy0120 ea | |
| 101 | 0 | @achi |
| 102 | @aCN@b110000 | |
| 200 | 1 | @a2007考研政治形势与政策@A2007 kao yan zheng zhi xing shi yu zheng ce@e理论热点剖析及命题预测@f齐鹏飞编著@Fqi peng fei bian zhu |
| 210 | @a北京@c原子能出版社@d2005 | |
| 215 | @a184页@d20cm | |
| 517 | 1 | @a理论热点剖析及命题预测@Ali lun re dian pou xi ji ming ti yu ce |
| 606 | 0 | @a时事政治教育@x研究生@x入学考试 |
| 690 | @aD643@v3 | |
| 701 | 0 | @a齐鹏飞@Aqi peng fei@4编著 |
| 801 | 0 | @aCN@bPFT@c20070717 |
| 905 | @a10447@dD643@e129 | |
| 2007考研政治形势与政策:理论热点剖析及命题预测/齐鹏飞编著.-北京:原子能出版社,2005 |
| 184页;20cm |
| ISBN 7-5022-3747-X:CNY12.00 |
| ● |
| 相关链接 |
|
|
|
|
正题名:2007考研政治形势与政策
索取号:D643/129
 
预约/预借
| 序号 | 登录号 | 条形码 | 馆藏地/架位号 | 状态 | 备注 |
| 1 | 0775377 | 207753778 | 密集书库/ [索取号:D643/129] | 在馆 | |
| 2 | 0777901 | 207779019 | 密集书库/ [索取号:D643/129] | 在馆 | |
| 3 | 0778523 | 207785235 | 第一样本阅览室/ [索取号:D643/129] | 在馆 |